| 000 | 00457nam a2200169Ia 4500 | ||
|---|---|---|---|
| 008 | 160105s9999 xx 000 0 und d | ||
| 041 | _afre | ||
| 245 | _aTraité de biologie de l'abeille | ||
| 260 | _aParis | ||
| 260 | _bMasson | ||
| 260 | _c1968 | ||
| 300 | _bill. | ||
| 654 | _xBIOLOGIE/APIDAE/SYSTEME NERVEUX/PHYSIOLOGIE ANIMALE/TAXONOMIE/DEVELOPPEMENT AGRICOLE/CROISSANCE/ELEVAGE | ||
| 942 | _c09 | ||
| 994 | _a117328 | ||
| 999 |
_c16739 _d44737 |
||